[Event "Belgrade Trophy 23rd"]
[Site "Obrenovac"]
[Date "2010.11.30"]
[Round "7"]
[White "Djordjevic, Vuk D"]
[Black "Arandjelovic, Dragoljub"]
[Result "1-0"]
[WhiteElo "1826"]
[BlackElo "2056"]
[PlyCount "68"]
[EventDate "2010.11.24"]
[EventType "swiss"]
[EventRounds "9"]
[EventCountry "YUG"]
[SourceTitle "CBM 139 Extra"]
[Source "ChessBase"]
[SourceDate "2011.01.05"]
[SourceVersion "1"]
[SourceVersionDate "2011.01.05"]
[SourceQuality "1"]

1. e4 c5 2. Nc3 d6 3. f4 e6 4. Nf3 Nc6 5. Bc4 g6 6. 0-0 Bg7 7. d3 Na5 8. Bb5+ Bd7 9. Bxd7+ Qxd7 10. f5 Nc6 11. fxe6 fxe6 12. Kh1 0-0-0 13. Be3 Nge7 14. d4 cxd4 15. Bxd4 Nxd4 16. Nxd4 Rhf8 17. Qd3 Nc6 18. Nxc6 Qxc6 19. Rxf8 Rxf8 20. Nb5 Kb8 21. c3 a6 22. Na3 b5 23. Nc2 Be5 24. Nb4 Qb6 25. Rf1 Rxf1+ 26. Qxf1 h5 27. Nd3 Bg7 28. Nf4 Qb7 29. Nxe6 Bh6 30. Qd3 Qd7 31. Qd5 Ka7 32. Nd4 Kb6 33. e5 Bf4 34. e6 Qe8 1-0

[Event "Belgrade Trophy 23rd"]
[Site "Obrenovac"]
[Date "2010.11.28"]
[Round "5"]
[White "Halldorsson, Jon Arni"]
[Black "Arandjelovic, Dragoljub"]
[Result "1-0"]
[WhiteElo "2196"]
[BlackElo "2056"]
[PlyCount "97"]
[EventDate "2010.11.24"]
[EventType "swiss"]
[EventRounds "9"]
[EventCountry "YUG"]
[SourceTitle "CBM 139 Extra"]
[Source "ChessBase"]
[SourceDate "2011.01.05"]
[SourceVersion "1"]
[SourceVersionDate "2011.01.05"]
[SourceQuality "1"]

1. d4 d5 2. c4 c6 3. Nc3 Nf6 4. Nf3 Bf5 5. cxd5 cxd5 6. Qb3 Bc8 7. Bf4 a6 8. e3 e6 9. Bd3 Bd6 10. Bg5 h6 11. Bh4 0-0 12. 0-0 Nbd7 13. Rac1 Qb6 14. Qc2 Qc7 15. Qe2 Qd8 16. Rfe1 Be7 17. Bb1 Nh7 18. Bg3 f5 19. Na4 b5 20. Nc5 Nb6 21. Nxe6 Bxe6 22. Bc7 Qe8 23. Bxb6 Nf6 24. Bc5 Nd7 25. Bxe7 Qxe7 26. Rc6 Rfc8 27. Rec1 Nb6 28. Qd1 Nc4 29. Rxc8+ Rxc8 30. b3 Nd6 31. Rxc8+ Bxc8 32. Qc1 Qb7 33. Ne5 Nf7 34. Ng6 Kh7 35. Nf4 g6 36. Qc5 Kg7 37. h4 Bd7 38. Nxd5 Bc6 39. Nf4 Be4 40. Ne6+ Kf6 41. Bxe4 Qxe4 42. Nc7 Qb1+ 43. Kh2 Qxa2 44. Ne8+ Ke6 45. d5+ Kd7 46. Nf6+ Kd8 47. Qf8+ Kc7 48. Qxf7+ Kb6 49. d6 1-0

[Event "Belgrade Trophy 23rd"]
[Site "Obrenovac"]
[Date "2010.11.27"]
[Round "4"]
[White "Arandjelovic, Dragoljub"]
[Black "Radosavljevic, Dusan"]
[Result "1-0"]
[WhiteElo "2056"]
[BlackElo "1851"]
[PlyCount "53"]
[EventDate "2010.11.24"]
[EventType "swiss"]
[EventRounds "9"]
[EventCountry "YUG"]
[SourceTitle "CBM 139 Extra"]
[Source "ChessBase"]
[SourceDate "2011.01.05"]
[SourceVersion "1"]
[SourceVersionDate "2011.01.05"]
[SourceQuality "1"]

1. d4 Nf6 2. c4 e6 3. Nc3 b6 4. Nf3 Bb7 5. e3 Be7 6. Bd3 d5 7. cxd5 exd5 8. 0-0 0-0 9. Qc2 Ba6 10. Ne5 Bxd3 11. Qxd3 c6 12. Bd2 Nfd7 13. Nf3 Nf6 14. Ne5 Nfd7 15. Nf3 f5 16. Rac1 g6 17. Ne2 Nf6 18. Ne5 Qd6 19. a3 a5 20. b4 Ne4 21. Be1 axb4 22. axb4 Ra2 23. f3 Ng5 24. Rb1 Nd7 25. Bg3 Nxe5 26. Bxe5 Rfa8 27. Rfc1 1-0

[Event "Belgrade Trophy 23rd"]
[Site "Obrenovac"]
[Date "2010.11.24"]
[Round "1"]
[White "Szabo, Gergely Andras"]
[Black "Arandjelovic, Dragoljub"]
[Result "1-0"]
[WhiteElo "2540"]
[BlackElo "2056"]
[PlyCount "41"]
[EventDate "2010.11.24"]
[EventType "swiss"]
[EventRounds "9"]
[EventCountry "YUG"]
[SourceTitle "CBM 139 Extra"]
[Source "ChessBase"]
[SourceDate "2011.01.05"]
[SourceVersion "1"]
[SourceVersionDate "2011.01.05"]
[SourceQuality "1"]

1. e4 c5 2. c3 d6 3. d4 cxd4 4. cxd4 e6 5. Nc3 Nf6 6. Bd3 Be7 7. Nge2 e5 8. 0-0 Nbd7 9. Kh1 0-0 10. f4 Re8 11. Be3 exd4 12. Bxd4 Nc5 13. Bc2 b6 14. Ng3 Bf8 15. b4 Ne6 16. Bxf6 Qxf6 17. Ba4 Qxc3 18. Bxe8 Qxb4 19. Qd5 Rb8 20. Bxf7+ Kxf7 21. f5 1-0

[Event "Belgrade-chT Quality"]
[Site "Belgrade"]
[Date "2008.11.10"]
[Round "9"]
[White "Arandjelovic, Dragoljub"]
[Black "Jovanovic, Miroslav M"]
[Result "0-1"]
[WhiteElo "2100"]
[BlackElo "1973"]
[PlyCount "70"]
[EventDate "2008.11.01"]
[EventType "team-swiss"]
[EventRounds "11"]
[EventCountry "YUG"]
[SourceTitle "CBM 127 Extra"]
[Source "ChessBase"]
[SourceDate "2009.01.08"]
[SourceVersion "2"]
[SourceVersionDate "2009.01.28"]
[SourceQuality "1"]

1. d4 Nf6 2. c4 g6 3. Nc3 Bg7 4. e4 d6 5. Be2 0-0 6. Bg5 h6 7. Be3 Nbd7 8. Qd2 Kh7 9. h3 e5 10. d5 Nc5 11. Qc2 a5 12. Nf3 Ne8 13. 0-0 f5 14. Nh2 Nxe4 15. Nxe4 fxe4 16. Bg4 Nf6 17. Bxc8 Qxc8 18. Rfe1 c6 19. dxc6 bxc6 20. Nf1 Qe6 21. Ng3 d5 22. Bd2 Qf7 23. Re2 Ne8 24. Rf1 Nd6 25. b3 Qe6 26. Bc1 Nf5 27. Nxf5 gxf5 28. Ba3 Rg8 29. f3 exf3 30. Rxf3 e4 31. Bc5 Be5 32. Rf1 Qg6 33. Kh1 d4 34. g4 d3 35. Qd2 dxe2 0-1

[Event "Belgrade-chT Quality"]
[Site "Belgrade"]
[Date "2008.11.06"]
[Round "6"]
[White "Krstic, Relja"]
[Black "Arandjelovic, Dragoljub"]
[Result "1-0"]
[WhiteElo "2200"]
[BlackElo "2100"]
[PlyCount "70"]
[EventDate "2008.11.01"]
[EventType "team-swiss"]
[EventRounds "11"]
[EventCountry "YUG"]
[SourceTitle "CBM 127 Extra"]
[Source "ChessBase"]
[SourceDate "2009.01.08"]
[SourceVersion "2"]
[SourceVersionDate "2009.01.28"]
[SourceQuality "1"]

1. c4 Nf6 2. Nf3 c6 3. b3 d5 4. Bb2 e6 5. g3 Be7 6. Bg2 0-0 7. 0-0 a5 8. d3 h6 9. Nbd2 b5 10. Qc2 Bb7 11. e4 Na6 12. a3 Nh7 13. h4 b4 14. a4 c5 15. Rad1 d4 16. Ne5 Qc7 17. f4 Nb8 18. Ndf3 Nc6 19. Bc1 Nf6 20. Bh3 Nd7 21. Ng4 Nf6 22. Nf2 Nh5 23. Nh1 Kh7 24. g4 Nf6 25. Ng3 e5 26. g5 Ng8 27. f5 Qd8 28. f6 gxf6 29. Bf5+ Kh8 30. gxh6 Bd6 31. h7 Nge7 32. Bh6 Bc7 33. Qg2 Ng6 34. Ne2 Kxh7 35. Bxf8 Qxf8 1-0